000 00599nam a2200181Ia 4500
003 LK-CoDNM
008 010623t2007 xxu||||| |||| 00| 1 sin d
040 _aLK-CoDNM
_dLK-CoDNM
_eLK-CoDNM
041 _asin
080 _a809.13
_bUPA
100 _aRev.Uparathana, Kotiyagala
245 _aපාළි අටිඨකථා සාහිත්‍ය ප්‍ර‍භවය හා විකාශය
246 _aPali attakatha sahithyaya prabhawaya haa vikashaya
260 _bBuddhist Cultural Centre
_aDehiwala
_c2007
300 _b(xxi)104, 22 cm
650 _aPali Language
942 _cBK
999 _c126841
_d126841